|
|
|
|
| LEADER |
00000cam a2200000 7i4500 |
| 001 |
0000002509 |
| 005 |
20030712.0 |
| 020 |
0 |
0 |
|a 9676113743
|
| 090 |
0 |
0 |
|a 340.59
|b HAN 2003
|
| 100 |
1 |
0 |
|a HANEEF
|h Sayed Sikandar Shah
|c 1959-
|
| 245 |
1 |
0 |
|a Undang-undang keterangan Islam
|c Sayed Sikandar Shah Haneef; penterjemah Badariah Khalid, Hazidah Mohamed Jamil
|
| 260 |
0 |
0 |
|a Kuala Lumpur :
|b Institut Terjemahan Negara Malaysia ,
|c 2003
|
| 300 |
|
|
|a xiii, 92 p. ;
|c 25 cm.
|
| 500 |
0 |
0 |
|a Bibliography : p. 77-79
|
| 650 |
0 |
0 |
|a Admissions (Law)
|
| 650 |
0 |
0 |
|a Confession (Law)
|
| 650 |
0 |
0 |
|a Evidence (Islamic law)
|
| 700 |
0 |
1 |
|a Badariah Khalid
|
| 700 |
0 |
1 |
|a Hazidah Mohamed Jamil
|
| 998 |
|
|
|a JPSM
|
| 999 |
|
|
|a 0000004666
|b Monograph
|c Open Shelf
|e Default branch
|
| 999 |
|
|
|a 0000004945
|b Monograph
|c Open Shelf
|e Default branch
|